000 00565nam a2200229Ia 4500
003 OSt
005 20220924133921.0
006 a|||||r|||| 00| 0
007 ta
008 220923b |||||||| |||| 00| 0 mal d
024 _a270919
037 _cTextual
040 _aARTS
_cARTS
_bmal
041 _2mal
_amal
082 _aO32,3N15,SA, J9
100 _aCheukad
_9207673
245 0 _aSanidesa
260 _c1959
650 _aMALAYALAM LITERATURE
_938866
942 _hO32,3N15,SA, J9
_cTEXL
_2CC
999 _c435735
_d435735